Introduction to Artificial Intelligence and Expert Systems (Record no. 1891)

MARC details
000 -LEADER
Fixed length control field 00477nam a2200169 4500
003 - CONTROL NUMBER IDENTIFIER
Control field SEACOMEC
005 - DATE AND TIME OF LATEST TRANSACTION
Control field 20241218122703.0
008 - FIXED-LENGTH DATA ELEMENTS--GENERAL INFORMATION
Fixed length control field 241218b |||||||| |||| 00| 0 eng d
020 ## - INTERNATIONAL STANDARD BOOK NUMBER / ISBN
International Standard Book Number 978-8120307773
Price 180.00
040 ## - CATALOGING SOURCE
Original cataloging agency SEACOMEC
082 ## - DEWEY DECIMAL CLASSIFICATION NUMBER
Classification number 006.3
Book Number P317
100 ## - MAIN ENTRY--PERSONAL NAME
Personal name Patterson, Dan W.
245 ## - TITLE STATEMENT
Title Introduction to Artificial Intelligence and Expert Systems
Statement of responsibility / Dan W. Patterson
260 ## - IMPRINT
Place of publication Delhi :
Name of publisher Pearson Education India,
Date of publication 2007
300 ## - PHYSICAL DESCRIPTION
Page / Vol. No 464 p
942 ## - ADDED ENTRY ELEMENTS (KOHA)
Koha item type Books
Holdings
Withdrawn status Lost status Source of classification Damaged status Not for loan Home library Current library Date acquired Total Checkouts Call number Accession number Date last seen Price effective from Koha item type Copy number
    Dewey Decimal Classification     SEACOM ENGINEERING COLLEGE SEACOM ENGINEERING COLLEGE 19/04/2008   006.3 P317 11025 18/12/2024 18/12/2024 Books  
    Dewey Decimal Classification     SEACOM ENGINEERING COLLEGE SEACOM ENGINEERING COLLEGE 19/04/2008   006.3 P317 11026 18/12/2024 18/12/2024 Books 1
    Dewey Decimal Classification     SEACOM ENGINEERING COLLEGE SEACOM ENGINEERING COLLEGE 19/04/2008   006.3 P317 11027 18/12/2024 18/12/2024 Books 2
    Dewey Decimal Classification     SEACOM ENGINEERING COLLEGE SEACOM ENGINEERING COLLEGE 19/04/2008   006.3 P317 11028 18/12/2024 18/12/2024 Books 3
    Dewey Decimal Classification     SEACOM ENGINEERING COLLEGE SEACOM ENGINEERING COLLEGE 19/04/2008   006.3 P317 11029 18/12/2024 18/12/2024 Books 4
    Dewey Decimal Classification     SEACOM ENGINEERING COLLEGE SEACOM ENGINEERING COLLEGE 19/04/2008   006.3 P317 11030 18/12/2024 18/12/2024 Books 5
    Dewey Decimal Classification     SEACOM ENGINEERING COLLEGE SEACOM ENGINEERING COLLEGE 19/04/2008   006.3 P317 11031 18/12/2024 18/12/2024 Books 6
    Dewey Decimal Classification     SEACOM ENGINEERING COLLEGE SEACOM ENGINEERING COLLEGE 19/04/2008   006.3 P317 11032 18/12/2024 18/12/2024 Books 7
    Dewey Decimal Classification     SEACOM ENGINEERING COLLEGE SEACOM ENGINEERING COLLEGE 19/04/2008   006.3 P317 11033 18/12/2024 18/12/2024 Books 8
    Dewey Decimal Classification     SEACOM ENGINEERING COLLEGE SEACOM ENGINEERING COLLEGE 19/04/2008   006.3 P317 11034 18/12/2024 18/12/2024 Books 9
© Seacom Engineering College, All rights reserved.      Powered by Koha